The architecture of Herod, the great builder / (Record no. 27172)
[ view plain ]
| 000 -LEADER | |
|---|---|
| fixed length control field | 01326cam a22003014a 4500 |
| 001 - CONTROL NUMBER | |
| control field | 15495742 |
| 005 - DATE AND TIME OF LATEST TRANSACTION | |
| control field | 20170207145535.0 |
| 008 - FIXED-LENGTH DATA ELEMENTS--GENERAL INFORMATION | |
| fixed length control field | 081023s2008 miua b 001 0 eng |
| 010 ## - LIBRARY OF CONGRESS CONTROL NUMBER | |
| LC control number | 2008046406 |
| 020 ## - INTERNATIONAL STANDARD BOOK NUMBER | |
| International Standard Book Number | 9780801036125 (pbk.) |
| 040 ## - CATALOGING SOURCE | |
| Original cataloging agency | DLC |
| Transcribing agency | DLC |
| Modifying agency | DLC |
| 043 ## - GEOGRAPHIC AREA CODE | |
| Geographic area code | a-is--- |
| 050 00 - LIBRARY OF CONGRESS CALL NUMBER | |
| Classification number | NA335 |
| Item number | .P19N49 2008 |
| 100 1# - MAIN ENTRY--PERSONAL NAME | |
| Personal name | Netzer, Ehud. |
| 245 14 - TITLE STATEMENT | |
| Title | The architecture of Herod, the great builder / |
| Statement of responsibility, etc. | Ehud Netzer ; with the assistance of Rachel Laureys-Chachy. |
| 260 ## - PUBLICATION, DISTRIBUTION, ETC. (IMPRINT) | |
| Place of publication, distribution, etc. | Grand Rapids, MI : |
| Name of publisher, distributor, etc. | Baker Academic, |
| Date of publication, distribution, etc. | 2008. |
| 300 ## - PHYSICAL DESCRIPTION | |
| Extent | xix, 443 p. : |
| Other physical details | ill. ; |
| Dimensions | 23 cm. |
| 500 ## - GENERAL NOTE | |
| General note | Hardcover edition first published: Tübingen : Mohr Siebeck, 2006. |
| 504 ## - BIBLIOGRAPHY, ETC. NOTE | |
| Bibliography, etc | Includes bibliographical references and index. |
| 600 00 - SUBJECT ADDED ENTRY--PERSONAL NAME | |
| Personal name | Herod |
| Numeration | I, |
| Titles and other words associated with a name | King of Judea, |
| Dates associated with a name | 73 B.C.-4 B.C. |
| 650 #0 - SUBJECT ADDED ENTRY--TOPICAL TERM | |
| Topical term or geographic name as entry element | Architecture, Roman |
| Geographic subdivision | Palestine. |
| 651 #0 - SUBJECT ADDED ENTRY--GEOGRAPHIC NAME | |
| Geographic name | Palestine |
| General subdivision | Antiquities, Roman. |
| 700 1# - ADDED ENTRY--PERSONAL NAME | |
| Personal name | Laureys-Chachy, Rachel. |
| 942 ## - ADDED ENTRY ELEMENTS (KOHA) | |
| Source of classification or shelving scheme | |
| Koha item type | Hard Covered Materials |
| Classification part | NA335 .P19N49 2008 |
| Withdrawn status | Lost status | Source of classification or shelving scheme | Damaged status | Not for loan | Home library | Current library | Shelving location | Date acquired | Source of acquisition | Total Checkouts | Full call number | Barcode | Date last seen | Price effective from | Koha item type |
|---|---|---|---|---|---|---|---|---|---|---|---|---|---|---|---|
| MACHAKOS UNIVERSITY LIBRARY | MACHAKOS UNIVERSITY LIBRARY | Open shelf | 07/02/2017 | Donation(BFA) | NA335 .P19N49 2008 | 34889 | 07/02/2017 | 07/02/2017 | Hard Covered Materials |